000 00320 a2200109 4500
001 ART_48487
005 20260410161631.0
008 260409a
245 1 0 _aBancos y mercados de capitales. La arquitectura del sistema
100 1 _aElespe, Douglas
773 0 _tEnfoques
_g- N°2 (feb. 2019)
_wREV416
999 _c12449
_d12449